| 000 | 00828nam a22002055i 4500 | ||
|---|---|---|---|
| 001 | 157804 | ||
| 003 | ES-MaACL | ||
| 005 | 20250704063120.0 | ||
| 008 | 960320s1877 fr |||| | fre d | ||
| 040 |
_aGA _bspa _cCCPB | SIC |
||
| 100 | 1 |
_aLittré, Émile, _d1801-1881 _9128979 |
|
| 245 | 1 | 0 |
_aDictionnaire de la Langue Française _b: supplément... / _cpar E. Littré ce supplément est suivi dun dictionnaire étymologique de tous les mots dorigine orientale / par Marcel Devic. |
| 260 |
_aParís : _bLibrairie Hachette et C_ie., _c1877 ( _fTypographie Lahure) |
||
| 300 |
_a1 v. (pag. var.) ; _c33 cm. |
||
| 597 | _aPag. : 4, IV, 375, VII, 84. | ||
| 650 | 4 |
_aLengua francesa- _vDiccionarios. _914205 |
|
| 700 | 1 |
_aDevic, Marcel. _9126783 |
|
| 852 |
_aES-MaACL _jB-839 _z-- Enc. tela |
||
| 999 |
_c157804 _d157804 |
||